书目信息 |
| 题名: |
四川成都话音系词汇调查研究
|
|
| 作者: | 何婉 , 饶冬梅 著 | |
| 分册: | ||
| 出版信息: | 成都 四川大学出版社 2014.4 |
|
| 页数: | 212页 | |
| 开本: | 21cm | |
| 丛书名: | ||
| 单 册: | ||
| 中图分类: | H172.3 | |
| 科图分类: | ||
| 主题词: | 西南官话--Xi Nan Guan Hua--词汇--研究--成都 , 词汇--Ci Hui , 研究--Yan Jiu , 成都--Cheng Du | |
| 电子资源: | ||
| ISBN: | 978-7-5614-6599-8 | |
| 000 | 01055nam0 22002891 450 | |
| 001 | 350751 | |
| 005 | 20161012093249.43 | |
| 010 | @a978-7-5614-6599-8@dCNY42.00 | |
| 100 | @a20130826d2014 kemy0chiy50 ea | |
| 101 | 0 | @achi |
| 102 | @aCN@b510000 | |
| 105 | @ay v 000yy | |
| 106 | @ar | |
| 200 | 1 | @a四川成都话音系词汇调查研究@ASi Chuan Cheng Du Hua Yin Xi Ci Hui Tiao Cha Yan Jiu@f何婉,饶冬梅著 |
| 210 | @a成都@c四川大学出版社@d2014.4 | |
| 215 | @a212页@d21cm | |
| 300 | @a四川大学中央高校基金科研业务费研究专项项目资助 | |
| 330 | @a本书运用汉语方言学、历史比较语言学及社会语言学的相关方法,将成都话的声韵调系统与中古音系、《中原音韵》音系及普通话音系的声韵调系统进行了比较,从而进一步揭示成都话的音系特点。 | |
| 606 | 0 | @a西南官话@AXi Nan Guan Hua@x词汇@x研究@y成都 |
| 606 | 0 | @a词汇@ACi Hui |
| 606 | 0 | @a研究@AYan Jiu |
| 606 | 0 | @a成都@ACheng Du |
| 690 | @aH172.3@v5 | |
| 701 | 0 | @a何婉@AHe Wan@f(1982~)@4著 |
| 701 | 0 | @a饶冬梅@ARao Dong Mei@f(1982~)@4著 |
| 801 | 0 | @aCN@bTANGWEI@c20160808 |
| 905 | @b0891600-4@dH172.3@e48@f5 | |
| 四川成都话音系词汇调查研究/何婉,饶冬梅著 .-成都:四川大学出版社,2014.4 |
| 212页;21cm |
| 四川大学中央高校基金科研业务费研究专项项目资助 |
| ISBN 978-7-5614-6599-8:CNY42.00 |
| 本书运用汉语方言学、历史比较语言学及社会语言学的相关方法,将成都话的声韵调系统与中古音系、《中原音韵》音系及普通话音系的声韵调系统进行了比较,从而进一步揭示成都话的音系特点。 |
| ● |
| 相关链接 |
|
|
|
|
正题名:四川成都话音系词汇调查研究
索取号:H172.3/48
 
预约/预借
| 序号 | 登录号 | 条形码 | 馆藏地/架位号 | 状态 | 备注 |
| 1 | 0891600 | 208916002 | 第二样本阅览室/ [索取号:H172.3/48] | 在馆 | |
| 2 | 0891601 | 208916011 | 第四借阅区/ [索取号:H172.3/48] | 在馆 | |
| 3 | 0891602 | 208916020 | 第四借阅区/ [索取号:H172.3/48] | 在馆 | |
| 4 | 0891603 | 208916039 | 第四借阅区/ [索取号:H172.3/48] | 在馆 | |
| 5 | 0891604 | 208916048 | 第四借阅区/ [索取号:H172.3/48] | 在馆 |